000 01220nam a22002897i 4500
999 _c22768
_d22768
003 AR-CdUCM
008 240129b20212021pe ||||| |||| 00| 0 spa d
020 _a078-612-00-6671-3
040 _aMUNICIPALIDAD PROVINCIAL DEL CUSCO
_cBIBLIOTECA MUNICIPAL DEL CUSCO
041 _hspa
082 _a199.856 / V89
_bV89
100 _aUscamayta Lazo, Flavio
_99287
245 _aCusco Capital - Valores para abatir la Corrupción /
260 _aCusco :
_c2021
300 _a363 páginas. :
_c23 cm.
500 _zBibliografía: páginas 343 - 352
505 _aFilosofía cultural de los Incas -- Filosofía ecologista -- Alfabeto quechua -- Principios trascendentales de la sabiduría inca -- La cosmovisión inca -- La Nación K'ana a través de la Historia -- Tupac Amaru marcha al Cusco -- Tomasa T'ito Condemayta -- Tomas Katari
650 _aFilosofía de los Incas
_949350
650 _aAlfabeto quechua
_949344
650 _aLos khipus
_949345
650 _aObras sitios arqueológicos de los incas
_949346
650 _aMartirologio de Tupac Amaru
_949347
650 _aFilosofía educativa
_949348
650 _aCrisis de valores en el país
_949349
942 _2ddc
_cLIBROS
945 _apbj
_d29-01-2024